European City by Picture - Statistics

General Stats
  • This quiz has been taken 85 times
  • The average score is 10 of 16
Answer Stats
Picture Answer % Correct
London
94%
Moscow
94%
Paris
92%
Venice
88%
Prague
85%
Copenhagen
77%
Budapest
75%
Hamburg
56%
Bern
54%
Istanbul
52%
Reykjavik
48%
Tallinn
48%
Gdansk
37%
Luxembourg City
35%
Brno
21%
Bremen
17%
No matching quizzes found
Score Distribution
Percent of People with Each Score
Percentile by Number Answered
Your Score History
You have not taken this quiz